Crímenes de guerra (Record no. 186253)

MARC details
000 -LEADER
campo de control de longitud fija 01144nam a2200277 i 4500
001 - NÚMERO DE CONTROL
campo de control 186253
003 - IDENTIFICADOR DE NÚMERO DE CONTROL
campo de control SpMaBN
005 - FECHA Y HORA DE LA ÚLTIMA TRANSACCIÓN
campo de control 20231203112342.0
008 - DATOS DE LONGITUD FIJA--INFORMACIÓN GENERAL
campo de control de longitud fija 160928s2003 sp fo |||| | spa d
020 ## - NÚMERO INTERNACIONAL ESTÁNDAR DEL LIBRO
Número Internacional Estándar del Libro 84-930099-2-X
080 ## - NÚMERO DE LA CLASIFICACIÓN DECIMAL UNIVERSAL
Número de la Clasificación Decimal Universal 94(567)"2003"
080 ## - NÚMERO DE LA CLASIFICACIÓN DECIMAL UNIVERSAL
Número de la Clasificación Decimal Universal 341.322.5(567)
245 00 - MENCIÓN DEL TÍTULO
Título Crímenes de guerra
Resto del título : ataques contra población civil de Bagdad /
Mención de responsabilidad, etc. con textos de Paz Andrés Sáenz de Santamaría, Santiago Alba Rico y Javier Couso Permuy.
260 ## - PUBLICACIÓN, DISTRIBUCIÓN, ETC.
Lugar de publicación, distribución, etc. Madrid :
Nombre del editor, distribuidor, etc. Comité de Solidaridad con la Causa Árabe,
Fecha de publicación, distribución, etc. 2003.
300 ## - DESCRIPCIÓN FÍSICA
Extensión 88 p., VIII p. de lám. fot. col. ;
Dimensiones 21 cm.
650 #7 - PUNTO DE ACCESO ADICIONAL DE MATERIA--TÉRMINO DE MATERIA
Término de materia o nombre geográfico como elemento de entrada Guerra de Irak, 2003.
9 (RLIN) 13187
650 #7 - PUNTO DE ACCESO ADICIONAL DE MATERIA--TÉRMINO DE MATERIA
Término de materia o nombre geográfico como elemento de entrada Crímenes de guerra-
Subdivisión geográfica Irak.
9 (RLIN) 160996
700 1# - ENTRADA AGREGADA--NOMBRE PERSONAL
Nombre de persona Andrés Sáenz de Santa María, Paz.
9 (RLIN) 125669
700 1# - ENTRADA AGREGADA--NOMBRE PERSONAL
Nombre de persona Alba Rico, Santiago.
9 (RLIN) 19206
700 1# - ENTRADA AGREGADA--NOMBRE PERSONAL
Nombre de persona Couso Permuy, Javier.
9 (RLIN) 160997
710 2# - ENTRADA AGREGADA--NOMBRE DE ENTIDAD CORPORATIVA
Nombre de entidad corporativa o nombre de jurisdicción como elemento de entrada Comité de Solidaridad con la Causa Árabe.
9 (RLIN) 3079
852 ## - LOCALIZACIÓN
Ubicación ES-MaACL
Número de control de estantería A-13863
itemnumber 193308
Sublocalización o colección R.151150
Ubicación en estantería Depósito 1
Signatura antigua Olim: N-6863
Donativo/Legado Donación: Santiago González-Varas Ibáñez
903 ## - NOMBRE PERSONAL DE DONANTE
9 160818
a González-Varas Ibáñez, Santiago
e Donante
942 ## - ELEMENTOS DE ENTRADA SECUNDARIOS (KOHA)
Fuente del sistema de clasificación o colocación Clasificación decimal universal
Tipo de ítem Koha Libro impreso
Holdings
Estatus retirado Estado de pérdida Fuente del sistema de clasificación o colocación Estado de daño No para préstamo Biblioteca de origen Biblioteca actual Ubicación en estantería Fecha de adquisición Fuente de adquisición Total de préstamos Signatura topográfica completa Código de barras Visto por última vez Precio de reemplazo Tipo de ítem Koha
    Clasificación decimal universal     Biblioteca del Ateneo de Madrid Biblioteca del Ateneo de Madrid Depósito 1 28/09/2016 Donación   A-13863 1196380 23/02/2023 23/02/2023 Libro impreso